[Event "Moscow Open A 2015"]
[Site "Moscow RUS"]
[Date "2015.02.04"]
[Round "5.86"]
[White "Atabayev, Saparmyrat"]
[Black "Vokhidov, Shamsiddin"]
[Result "0-1"]
[WhiteTitle "FM"]
[WhiteElo "2332"]
[BlackElo "2218"]
[WhiteFideId "14000571"]
[BlackFideId "14204223"]
[EventDate "2015.01.31"]

1. e4 c5 2. Nf3 e6 3. d4 cxd4 4. Nxd4 Nc6 5. Nxc6 bxc6 6. c4 Nf6 7. Nc3 Bb4 8.
Qc2 O-O 9. Bd3 d5 10. exd5 cxd5 11. O-O Bb7 12. Rd1 h6 13. Be3 Ng4 14. Bf4 Qf6
15. Bg3 Rac8 16. cxd5 Bxc3 17. bxc3 Bxd5 18. Qe2 h5 19. c4 Bc6 20. h3 h4 21.
Bxh4 Qxh4 22. hxg4 Rce8 23. c5 f5 24. Bc4 Rf6 25. gxf5 Rxf5 26. Bxe6+ Kh8 27. f3
Qf6 28. Re1 Bd5 29. Rad1 Rxe6 30. Qd3 Rxe1+ 31. Rxe1 Bc6 32. Rb1 Qf8 33. Rb8
Qxb8 34. Qxf5 Qe8 35. Kh2 Kg8 36. a3 Qd7 37. Qe5 Kf7 38. Qf4+ Ke6 39. Qc4+ Qd5
40. Qg4+ Kf6 41. Qf4+ Kg6 42. Qg4+ Kh6 43. Qf4+ Qg5 44. Qd6+ Qf6 45. Qd2+ g5 46.
Qe3 a5 47. Kg3 Kh5 48. Qd3 Qe5+ 49. Kh3 Kh6 50. Qd8 Bd5 51. Qxa5 Qf4 52. Qe1 Kh7
53. Qe7+ Kh8 54. Qd8+ Bg8 55. g3 Qxf3 56. Qxg5 Qh1+ 57. Kg4 Be6+ 0-1

[Event "Moscow Open A 2015"]
[Site "Moscow RUS"]
[Date "2015.02.04"]
[Round "5.87"]
[White "Elistratov, Semen"]
[Black "Morgunov, Anatoly"]
[Result "0-1"]
[BlackTitle "FM"]
[WhiteElo "2206"]
[BlackElo "2330"]
[WhiteFideId "24134325"]
[BlackFideId "4145909"]
[EventDate "2015.01.31"]

1. e4 e5 2. Nf3 Nc6 3. Bb5 a6 4. Ba4 d6 5. d4 b5 6. Bb3 Nxd4 7. Nxd4 exd4 8. c3
dxc3 9. Nxc3 Be6 10. a4 b4 11. Nd5 c6 12. Nf4 Bxb3 13. Qxb3 a5 14. Qc4 Qc8 15.
Nh5 Qa6 16. Qd4 O-O-O 17. Nxg7 c5 18. Qd1 Nf6 19. Nh5 Nxh5 20. Qxh5 Rd7 21. Qd5
Bg7 22. Ra2 Re8 23. f3 Re5 24. Qd1 d5 25. Qc2 dxe4 26. f4 Red5 27. b3 Bc3+ 28.
Kf2 Bd4+ 29. Ke1 e3 0-1

[Event "Moscow Open A 2015"]
[Site "Moscow RUS"]
[Date "2015.02.04"]
[Round "5.88"]
[White "Kozlitin, Oleg"]
[Black "Karpenko, Artem"]
[Result "1-0"]
[WhiteTitle "IM"]
[WhiteElo "2329"]
[BlackElo "2188"]
[WhiteFideId "4143590"]
[BlackFideId "24175595"]
[EventDate "2015.01.31"]

1. c4 e5 2. d3 Nc6 3. a3 Bc5 4. Nc3 a6 5. g3 h6 6. Bg2 Nf6 7. e3 O-O 8. Nge2 Re8
9. O-O d6 10. h3 Ba7 11. d4 Bf5 12. b4 exd4 13. exd4 Ne4 14. Be3 Rb8 15. Rc1
Nxc3 16. Nxc3 Ne7 17. c5 d5 18. Qd2 Qd7 19. g4 Bh7 20. f4 f5 21. g5 c6 22. h4
Bg6 23. Bf3 hxg5 24. fxg5 Bf7 25. h5 g6 26. h6 Kh7 27. Bf4 Rbd8 28. Nd1 Ng8 29.
Nb2 Re4 30. Nd3 Be6 31. Ne5 Qe7 32. Qh2 Bf7 33. Rfd1 Qe6 34. Bxe4 fxe4 35. Rf1
Be8 36. Bg3 Ne7 37. Rf6 Qg8 38. Rcf1 Nf5 39. R1xf5 1-0

[Event "Moscow Open A 2015"]
[Site "Moscow RUS"]
[Date "2015.02.04"]
[Round "5.89"]
[White "Demianjuk, Alexander"]
[Black "Payanidi, Janis"]
[Result "1/2-1/2"]
[WhiteElo "2327"]
[BlackElo "2167"]
[WhiteFideId "4134249"]
[BlackFideId "24128490"]
[EventDate "2015.01.31"]

1. d4 Nf6 2. c4 e6 3. Nf3 b6 4. g3 Ba6 5. b3 Bb4+ 6. Bd2 Be7 7. Nc3 c6 8. e4 d5
9. Qc2 dxe4 10. Nxe4 c5 11. dxc5 Bb7 12. Bd3 Bxc5 13. O-O Nbd7 14. Rad1 Be7 15.
Bf4 Qc8 16. Bd6 Nxe4 17. Bxe4 Nf6 18. Bxb7 Qxb7 19. Ne5 O-O 20. Bxe7 Qxe7 21.
Rd3 Qc7 22. f4 b5 23. Rfd1 bxc4 24. Qxc4 Qb6+ 25. Qd4 Nd5 26. Qxb6 axb6 27. a4
b5 28. Nd7 Rfe8 29. axb5 Re7 30. Nc5 Rb8 31. Ra1 g6 32. Ra5 Rc7 33. Na6 Rc1+ 34.
Kg2 Rb6 35. Rd4 Rc2+ 36. Kh3 Ne3 37. Nb4 Rb2 38. Rd3 Nd5 39. Nxd5 exd5 40. Kg4
Rxh2 41. Rxd5 Rb2 42. Ra3 Kg7 43. Kf3 Rc2 44. b4 Rb2 45. Ra4 Re6 46. Re5 Rd6 47.
f5 Rd4 48. fxg6 hxg6 49. Ke3 Rdxb4 50. Rxb4 Rxb4 51. Kd3 Rg4 52. Re4 Rxg3+ 53.
Kc4 Rg1 54. b6 f5 55. Re3 Rc1+ 56. Rc3 Rd1 57. b7 Rd8 58. Kb5 Rb8 59. Kb6 g5 60.
Rc8 Rxb7+ 61. Kxb7 Kf6 62. Re8 g4 63. Kc6 Kg5 64. Kd5 Kf4 65. Rg8 g3 66. Ke6 Kf3 1/2-1/2

[Event "Moscow Open A 2015"]
[Site "Moscow RUS"]
[Date "2015.02.04"]
[Round "5.90"]
[White "Murtazin, Bulat"]
[Black "Shandrygin, Nikita"]
[Result "1-0"]
[WhiteTitle "FM"]
[WhiteElo "2326"]
[BlackElo "2151"]
[WhiteFideId "24151351"]
[BlackFideId "24198668"]
[EventDate "2015.01.31"]

1. d4 Nf6 2. c4 g6 3. Nc3 d5 4. Qb3 dxc4 5. Qxc4 a6 6. Bf4 c6 7. e4 b5 8. Qd3
Bb7 9. Nf3 Bg7 10. Be2 Nbd7 11. O-O Nb6 12. Rac1 O-O 13. Rfd1 Nh5 14. Bg5 h6 15.
Be3 Nc4 16. Qc2 Nxe3 17. fxe3 Nf6 18. Qb3 Bc8 19. e5 Be6 20. Qa3 Nd5 21. Ne4 Bf5
22. Nc5 b4 23. Qb3 a5 24. h3 a4 25. Nxa4 Nxe3 26. Qxe3 Rxa4 27. Qb3 Qa8 28. Bc4
Be4 29. Re1 Bd5 30. Bxd5 cxd5 31. e6 Rxa2 32. Qxb4 fxe6 33. Qxe7 Re8 34. Qd7 Ra7
35. Rc7 Rxc7 36. Qxc7 Qa4 37. Qb6 Qd7 38. b4 Qc8 39. b5 Re7 40. Qd6 Bf8 41. b6
Kh7 42. Qf4 Bg7 43. Rc1 Qd8 44. Rc7 e5 45. Qh4 g5 46. Nxg5+ 1-0

[Event "Moscow Open A 2015"]
[Site "Moscow RUS"]
[Date "2015.02.04"]
[Round "5.91"]
[White "Mischuk, Dmitry"]
[Black "Kalinin, Nikita"]
[Result "1/2-1/2"]
[WhiteTitle "IM"]
[WhiteElo "2323"]
[BlackElo "2139"]
[WhiteFideId "14118734"]
[BlackFideId "24155390"]
[EventDate "2015.01.31"]

1. d4 f5 2. Nf3 Nf6 3. g3 g6 4. Bg2 Bg7 5. O-O O-O 6. c4 d6 7. b3 c5 8. Bb2 Ne4
9. e3 Nc6 10. Nbd2 Nxd2 11. Qxd2 e5 12. dxe5 dxe5 13. Qd5+ Qxd5 14. cxd5 Nb4 15.
Nxe5 Re8 16. Nc4 Bxb2 17. Nxb2 b6 18. a3 Na6 19. Nc4 Rd8 20. f3 Nc7 21. e4 fxe4
22. fxe4 Nb5 23. b4 Nd4 24. Rf2 Ba6 25. Bf1 Rf8 26. Rxf8+ Rxf8 27. bxc5 bxc5 28.
Nd2 Bxf1 29. Rxf1 Re8 30. Kf2 c4 31. Rc1 Nb3 32. Nxb3 cxb3 33. Ke3 a5 34. a4 Rb8
35. Rb1 Kf7 36. e5 Ke7 37. Kd3 Rb4 38. Rb2 Kd7 39. h4 h5 40. Kc3 Re4 41. Rxb3
Rxe5 42. Kd4 Re1 43. Rb7+ Ke8 44. Rg7 Ra1 45. Rxg6 Rxa4+ 46. Ke5 Ra3 47. Kf4
Ra4+ 48. Kf3 Ra3+ 49. Kg2 Ra2+ 50. Kh3 Rf2 51. Rg5 Rf6 52. d6 Rxd6 53. Rxa5 Rh6 1/2-1/2

[Event "Moscow Open A 2015"]
[Site "Moscow RUS"]
[Date "2015.02.04"]
[Round "5.92"]
[White "Litvinov, Maxim"]
[Black "Kotlyar, Kirill"]
[Result "1-0"]
[BlackTitle "FM"]
[WhiteElo "2192"]
[BlackElo "2320"]
[WhiteFideId "24157449"]
[BlackFideId "24145599"]
[EventDate "2015.01.31"]

1. c4 Nf6 2. Nc3 c5 3. g3 e6 4. Nf3 b6 5. Bg2 Bb7 6. O-O Be7 7. b3 O-O 8. Bb2 a6
9. e3 Qc7 10. Rc1 d6 11. d4 cxd4 12. exd4 Nbd7 13. Qe2 Rfe8 14. Rfd1 Rac8 15. d5
e5 16. Nd2 Rb8 17. b4 Bf8 18. Nb3 Rec8 19. Bf1 g6 20. a4 Ba8 21. Ba3 Bh6 22. Rc2
b5 23. axb5 axb5 24. c5 dxc5 25. Nxb5 Qd8 26. Nxc5 Nxd5 27. Bh3 Nxc5 28. bxc5
Rc6 29. Nc3 Rc7 30. Nxd5 Bxd5 31. Qxe5 Re7 32. Qd6 Bf8 33. Qxd8 Rxd8 34. c6 Ra7
35. Bxf8 Kxf8 36. Rcd2 1-0

[Event "Moscow Open A 2015"]
[Site "Moscow RUS"]
[Date "2015.02.04"]
[Round "5.93"]
[White "Sargsyan, Shant"]
[Black "Yeletsky, Ivan"]
[Result "1-0"]
[WhiteTitle "CM"]
[BlackTitle "FM"]
[WhiteElo "2172"]
[BlackElo "2315"]
[WhiteFideId "13306766"]
[BlackFideId "24180327"]
[EventDate "2015.01.31"]

1. d4 d5 2. c4 c6 3. Nf3 e6 4. Qc2 dxc4 5. Qxc4 b5 6. Qc2 Bb7 7. Nc3 Nd7 8. Bf4
Ngf6 9. e3 a6 10. Be2 c5 11. dxc5 Nxc5 12. O-O Rc8 13. Rfd1 Qb6 14. Ne5 Be7 15.
a4 b4 16. a5 Qa7 17. Na4 Nd5 18. Nxc5 O-O 19. Ned7 Rfd8 20. Qe4 Bxc5 21. Nxc5
Nxf4 22. Nxb7 Nxe2+ 23. Kf1 Rxd1+ 24. Rxd1 Nc1 25. Qxb4 Qb8 26. Qb6 h6 27. Nd6
Qc7 28. Nxc8 Qxh2 29. Qd8+ Kh7 30. Rxc1 Qh1+ 31. Ke2 Qxc1 32. Qd3+ g6 33. Qc3
Qh1 34. Nd6 Qh5+ 35. f3 Qh2 36. Qc7 Qxg2+ 37. Kd3 Qf1+ 38. Kd4 Qd1+ 39. Kc5 Qc2+
40. Kb6 Qxb2+ 41. Kxa6 Qe2+ 42. Kb7 Qxf3+ 43. e4 Qb3+ 44. Kc8 Qa4 45. Qxf7+ Kh8
46. Qe8+ Qxe8+ 47. Nxe8 h5 48. a6 1-0

[Event "Moscow Open A 2015"]
[Site "Moscow RUS"]
[Date "2015.02.04"]
[Round "5.94"]
[White "Zhurikhin, Alexander"]
[Black "Feduk, Viktor"]
[Result "1-0"]
[WhiteTitle "FM"]
[WhiteElo "2314"]
[BlackElo "2112"]
[WhiteFideId "4139569"]
[BlackFideId "4173368"]
[EventDate "2015.01.31"]

1. e4 e5 2. Nc3 Bc5 3. Nf3 d6 4. Na4 Nf6 5. d3 Nc6 6. Be2 h6 7. O-O Be6 8. c3
Bb6 9. d4 Bd7 10. Qc2 O-O 11. Rd1 Qe8 12. Nxb6 axb6 13. dxe5 dxe5 14. Nd2 Qe7
15. Nc4 Rfd8 16. Ne3 Be6 17. Rxd8+ Qxd8 18. b3 Qe7 19. Bb2 Qe8 20. g3 Qe7 21.
Kh1 Ne8 22. Bf1 f6 23. Nd5 Qf7 24. Bg2 Ne7 25. c4 Rd8 26. f4 Nc6 27. Qf2 Nd4 28.
Bxd4 exd4 29. Qxd4 c5 30. Qc3 Bxd5 31. cxd5 Nd6 32. e5 Nb5 33. Qc4 Na3 34. Qe2
b5 35. d6 Qd7 36. Rd1 1-0

[Event "Moscow Open A 2015"]
[Site "Moscow RUS"]
[Date "2015.02.04"]
[Round "5.95"]
[White "Semiev, Suhrab"]
[Black "Bykov, Egor"]
[Result "0-1"]
[WhiteTitle "IM"]
[WhiteElo "2310"]
[BlackElo "2109"]
[WhiteFideId "14000865"]
[BlackFideId "34115290"]
[EventDate "2015.01.31"]

1. d4 d5 2. Nf3 Nf6 3. c4 c6 4. Qc2 dxc4 5. Qxc4 Bg4 6. Ne5 Be6 7. Qd3 Nbd7 8.
Nxd7 Qxd7 9. Nc3 Nd5 10. Nxd5 cxd5 11. Bf4 Rc8 12. Qb3 a6 13. e3 Bf5 14. Be2 Rc6
15. Bd1 e6 16. a4 Be7 17. a5 O-O 18. O-O Rfc8 19. Qa2 Bc2 20. Be2 Bb4 21. h3 Qe7
22. Kh1 Bd2 23. Rg1 Qb4 24. Bg3 h6 25. Kh2 Bg6 26. Bd1 Rc1 27. Bb3 Rxg1 28. Kxg1
Bc2 29. Bxc2 Rxc2 30. Rb1 Bxe3 31. Qa3 Qxa3 32. bxa3 Bxd4 33. Rxb7 Rc1+ 34. Kh2
Rc5 35. Rb4 Bc3 36. Rb6 Rxa5 37. Bd6 Bd4 38. Rb8+ Kh7 39. Kg3 Rxa3+ 40. f3 Rc3
41. Rb7 Kg6 42. h4 h5 0-1

[Event "Moscow Open A 2015"]
[Site "Moscow RUS"]
[Date "2015.02.04"]
[Round "5.96"]
[White "Aliyev, Ravan"]
[Black "Tutisani, Noe"]
[Result "0-1"]
[WhiteElo "2070"]
[BlackElo "2308"]
[WhiteFideId "13409980"]
[BlackFideId "13602853"]
[EventDate "2015.01.31"]

1. d4 Nf6 2. Nf3 g6 3. b3 Bg7 4. Bb2 O-O 5. e3 d5 6. Nbd2 c5 7. Bd3 cxd4 8. exd4
Nh5 9. g3 Nc6 10. a3 Bg4 11. h3 Bxf3 12. Qxf3 Qb6 13. Qe2 Nf6 14. O-O Ne4 0-1

[Event "Moscow Open A 2015"]
[Site "Moscow RUS"]
[Date "2015.02.04"]
[Round "5.97"]
[White "Nazarov, Rustem"]
[Black "Rakhimgaliyev, Yerlan"]
[Result "0-1"]
[BlackTitle "FM"]
[WhiteElo "2059"]
[BlackElo "2302"]
[WhiteFideId "14002280"]
[BlackFideId "13705148"]
[EventDate "2015.01.31"]

1. e4 e5 2. Nf3 Nc6 3. Bb5 a6 4. Ba4 Nf6 5. O-O b5 6. Bb3 Bc5 7. c3 d6 8. d4 Bb6
9. Bg5 O-O 10. Bd5 Bd7 11. Nbd2 h6 12. Bh4 exd4 13. e5 dxe5 14. Ne4 g5 15. Nfxg5
Nxd5 16. Qh5 hxg5 17. Bxg5 Nf4 18. Bxf4 Qe7 19. Bg5 f6 20. Qg6+ Qg7 21. Nxf6+
Rxf6 22. Qxf6 Qxf6 23. Bxf6 Rf8 24. Bg5 d3 25. Rae1 Bg4 26. Be3 Be2 27. Bxb6
Bxf1 0-1

[Event "Moscow Open A 2015"]
[Site "Moscow RUS"]
[Date "2015.02.04"]
[Round "5.98"]
[White "Velichko, Arseny"]
[Black "Glukhov, Alexander"]
[Result "1/2-1/2"]
[WhiteElo "2118"]
[BlackElo "2296"]
[WhiteFideId "24179752"]
[BlackFideId "4178882"]
[EventDate "2015.01.31"]

1. d4 Nf6 2. c4 g6 3. Nc3 d5 4. Nf3 Bg7 5. h4 O-O 6. cxd5 Nxd5 7. h5 c5 8. hxg6
hxg6 9. Bh6 Bxh6 10. Rxh6 Nxc3 11. bxc3 cxd4 12. Qd2 e5 13. cxd4 exd4 14. Rh4
Qf6 15. Qh6 Qg7 16. Qxg7+ Kxg7 17. Nxd4 Bd7 18. e3 Nc6 19. Nxc6 Bxc6 20. O-O-O
Rfe8 21. Kb2 Re5 22. Rf4 Rh8 23. Bc4 f5 24. g4 Rh4 25. Rdd4 Re4 26. Rdxe4 Bxe4
27. gxf5 Rxf4 28. exf4 Bxf5 29. Kc3 Kf6 30. a3 Be4 31. Kd4 Kf5 32. Ke3 Bc2 1/2-1/2

[Event "Moscow Open A 2015"]
[Site "Moscow RUS"]
[Date "2015.02.04"]
[Round "5.99"]
[White "Uraev, Ivan"]
[Black "Galaktionov, Artem"]
[Result "0-1"]
[WhiteTitle "FM"]
[WhiteElo "2287"]
[BlackElo "2081"]
[WhiteFideId "4192443"]
[BlackFideId "24175471"]
[EventDate "2015.01.31"]

1. Nf3 d5 2. b3 c5 3. e3 Nc6 4. Bb5 Nf6 5. Bb2 Bg4 6. Bxc6+ bxc6 7. d3 e6 8.
Nbd2 Bd6 9. O-O O-O 10. Qe1 Nd7 11. e4 e5 12. h3 Bxf3 13. Nxf3 Qe7 14. Qe2 Rae8
15. Rae1 f5 16. exf5 Rxf5 17. Nh2 Qh4 18. Qg4 Qxg4 19. hxg4 Rff8 20. Re2 Re7 21.
Rfe1 Rfe8 22. Nf1 g6 23. g5 Nf8 24. Nh2 Nd7 25. Ng4 e4 26. Bf6 Re6 27. dxe4 Rxe4
28. Rxe4 Rxe4 29. Rxe4 dxe4 30. g3 Kf7 31. Bc3 Ke6 32. Kf1 Be7 33. Bd2 Ne5 34.
Nxe5 Kxe5 35. Ke2 Kf5 36. Be3 Bxg5 37. Bxc5 a6 38. a4 h5 39. b4 Bc1 40. a5 g5
41. c4 Ba3 42. Kd2 h4 43. gxh4 gxh4 44. Kc3 Ke6 45. Ba7 h3 46. Bb8 Kd7 47. Bg3
c5 48. b5 Bb4+ 49. Kb3 Bxa5 50. bxa6 Kc6 51. Kc2 Be1 52. Kd1 Bxf2 53. Bh2 Kb6
54. Ke2 Bd4 0-1

[Event "Moscow Open A 2015"]
[Site "Moscow RUS"]
[Date "2015.02.04"]
[Round "5.100"]
[White "Baterdene, Tsogbayar"]
[Black "Demin, Alexandr"]
[Result "0-1"]
[BlackTitle "IM"]
[WhiteElo "1977"]
[BlackElo "2410"]
[WhiteFideId "4901592"]
[BlackFideId "4152921"]
[EventDate "2015.01.31"]

1. e4 e5 2. Nf3 Nc6 3. Bb5 Nd4 4. Nxd4 exd4 5. O-O Bc5 6. c3 c6 7. Bc4 d5 8.
exd5 cxd5 9. Qb3 Be6 10. Bb5+ Kf8 11. cxd4 Bd6 12. f4 Nh6 13. Bd3 Qf6 14. Qa4 g5
15. Nc3 Bxf4 16. g3 Ng4 17. Be2 Nxh2 18. Rf2 Re8 19. d3 Rg8 20. Qb4+ Kg7 21.
Rxf4 gxf4 22. Bxf4 Qf5 23. Kxh2 Kh8 24. Qd6 Qh3+ 25. Kg1 f6 26. Bf1 Qf5 27. Ne2
Qxd3 28. Kf2 Rg6 29. Rc1 Bg4 30. Rc3 Rxe2+ 31. Bxe2 Qxe2+ 32. Kg1 Qe1+ 33. Kg2
Qe4+ 34. Kf1 Bh3+ 35. Kf2 Qxd4+ 36. Kf3 Bf5 37. Kg2 Rg8 38. Re3 Qxb2+ 39. Kf1
Rc8 40. Rb3 Qa1+ 41. Ke2 Bg4+ 42. Kd3 Qf1+ 43. Kd4 Qc4+ 0-1

[Event "Moscow Open A 2015"]
[Site "Moscow RUS"]
[Date "2015.02.04"]
[Round "5.101"]
[White "Zenin, Dmitri"]
[Black "Mamyrbay, Assad"]
[Result "1/2-1/2"]
[WhiteElo "2381"]
[BlackElo "2152"]
[WhiteFideId "4127897"]
[BlackFideId "13708880"]
[EventDate "2015.01.31"]

1. d4 Nf6 2. c4 g6 3. Nc3 d5 4. cxd5 Nxd5 5. e4 Nxc3 6. bxc3 Bg7 7. Qa4+ Nd7 8.
Nf3 O-O 9. Be2 c5 10. O-O Nb6 11. Qa3 cxd4 12. cxd4 Bg4 13. Bg5 Bxf3 14. Bxf3
Qxd4 15. Qxe7 Nc4 16. Rad1 Qe5 17. Qxe5 Nxe5 18. Be2 Rac8 19. Rc1 Nc6 20. Bg4
Rce8 21. Rfe1 Re5 22. Bf4 Ra5 23. a3 Ne5 24. Bxe5 Bxe5 25. Rb1 Rxa3 26. Rxb7 a5
27. g3 a4 28. Rd1 Ra2 29. Rd5 Bc3 30. e5 Rb2 31. Ra7 Rb1+ 32. Kg2 Re1 33. Rxa4
Rxe5 34. Rxe5 Bxe5 35. h4 h5 36. Bf3 Rd8 37. Ra5 Bg7 38. Ra8 Rxa8 39. Bxa8 Kf8
40. Bd5 Ke7 1/2-1/2

[Event "Moscow Open A 2015"]
[Site "Moscow RUS"]
[Date "2015.02.04"]
[Round "5.102"]
[White "Akhmetov, Ayan"]
[Black "Zhuk, Valeriy"]
[Result "1-0"]
[WhiteTitle "IM"]
[WhiteElo "2376"]
[BlackElo "2150"]
[WhiteFideId "13703706"]
[BlackFideId "24151254"]
[EventDate "2015.01.31"]

1. Nf3 d5 2. g3 Bg4 3. Bg2 Nd7 4. O-O e6 5. d3 Bd6 6. c4 c6 7. cxd5 exd5 8. Nc3
Ngf6 9. e4 dxe4 10. dxe4 Qe7 11. Qc2 O-O 12. Nd4 Ne5 13. h3 Bc5 14. Nb3 Bf3 15.
Nxc5 Qxc5 16. Be3 Qc4 17. b3 Qe6 18. Bxf3 Nxf3+ 19. Kg2 Ne5 20. Rad1 Ned7 21.
Rd2 Rfe8 22. Rfd1 Nb6 23. f3 h5 24. Bg5 Qe5 25. Bf4 Qa5 26. Ne2 h4 27. g4 c5 28.
Bg5 Nh7 29. Bxh4 Nf8 30. Be1 Qb5 31. a4 Qc6 32. Rd6 Qc8 33. Nf4 Nbd7 34. Bc3 Ne5
35. Qd2 Nfg6 36. Nxg6 Nxg6 37. Qg5 c4 38. b4 Qc7 39. h4 Qe7 40. Kg3 Qxg5 41.
hxg5 Nf8 42. e5 Ne6 43. f4 Kf8 44. Kf3 Rac8 45. Ke4 Rc7 46. Rh1 Ke7 47. f5 Nxg5+
48. Kf4 f6 49. Rxf6 gxf6 50. exf6+ Kd6 51. Kxg5 Re3 52. Bd2 1-0

[Event "Moscow Open A 2015"]
[Site "Moscow RUS"]
[Date "2015.02.04"]
[Round "5.103"]
[White "Danielyan, Vahe"]
[Black "Bazeev, German"]
[Result "1-0"]
[WhiteElo "2140"]
[BlackElo "2374"]
[WhiteFideId "13304828"]
[BlackFideId "24119350"]
[EventDate "2015.01.31"]

1. e4 c5 2. Nf3 Nc6 3. d4 cxd4 4. Nxd4 Nf6 5. Nc3 d6 6. Bc4 Bd7 7. Nxc6 bxc6 8.
O-O e6 9. e5 dxe5 10. Bg5 Qb6 11. Bxf6 gxf6 12. Qh5 f5 13. Rad1 Qc7 14. Ne2 Bg7
15. g4 fxg4 16. Ng3 O-O 17. Qg5 Qd8 18. Qd2 Qf6 19. Qxd7 Qg6 20. Bd3 Qg5 21.
Qxc6 h5 22. Ne4 Qf4 23. Nc3 Rac8 24. Qe4 Qh6 25. Qe3 Qf6 26. Qxa7 Ra8 27. Qb7
Rab8 28. Qe4 Qh6 29. Qe3 Qf6 30. Ne4 Qe7 31. Qg5 Qxg5 32. Nxg5 Rxb2 33. f3 Bh6
34. Nh7 e4 35. Nf6+ Kg7 36. fxe4 Rxa2 37. e5 Be3+ 38. Kh1 Ra5 39. Nxh5+ Kh6 40.
Nf6 1-0

[Event "Moscow Open A 2015"]
[Site "Moscow RUS"]
[Date "2015.02.04"]
[Round "5.104"]
[White "Aslanov, Sergei"]
[Black "Selivanov, Ivan"]
[Result "1/2-1/2"]
[WhiteElo "2273"]
[BlackElo "2149"]
[WhiteFideId "4180828"]
[BlackFideId "24199060"]
[EventDate "2015.01.31"]

1. e4 c5 2. Nf3 a6 3. c3 d5 4. exd5 Qxd5 5. d4 e6 6. Bd3 Nf6 7. O-O Be7 8. Re1
Nc6 9. Be3 cxd4 10. cxd4 O-O 11. Nc3 Qd6 12. Rc1 Nb4 13. Bb1 b5 14. Ng5 Bb7 15.
a3 Nbd5 16. Nce4 Nxe4 17. Nxe4 Nxe3 18. fxe3 Qd5 19. Rc7 Bd8 20. Rc5 Qd7 21. Rh5
g6 22. Nc5 Qe7 23. Rh3 Bb6 24. b4 Bxc5 25. bxc5 Rfd8 26. Qg4 f5 27. Qf4 Rac8 28.
Ba2 Bd5 29. Bxd5 Rxd5 30. Qf2 Qd7 31. Rf3 a5 32. h3 b4 33. axb4 axb4 34. Qb2 Rb8
35. Qb3 Kg7 36. Rf2 e5 37. Rd1 f4 38. exf4 Rxd4 39. Rdf1 Rxf4 40. Rxf4 exf4 41.
Rxf4 Qe7 42. Rc4 Qe1+ 43. Kh2 Qe5+ 44. Kg1 1/2-1/2

[Event "Moscow Open A 2015"]
[Site "Moscow RUS"]
[Date "2015.02.04"]
[Round "5.105"]
[White "Goltsev, Dmitry"]
[Black "Kovalev, Egor"]
[Result "0-1"]
[WhiteElo "2111"]
[BlackElo "2249"]
[WhiteFideId "24176710"]
[BlackFideId "24124117"]
[EventDate "2015.01.31"]

1. Nf3 Nf6 2. g3 g6 3. d3 d5 4. Bg2 Bg7 5. O-O O-O 6. Nbd2 Nc6 7. e4 e5 8. Qe2
Re8 9. Rd1 h6 10. Nb3 a5 11. a4 b6 12. exd5 Nxd5 13. Nfd2 Bb7 14. c3 Qd7 15. Nc4
Rad8 16. Qf1 Nb8 17. d4 e4 18. Ne5 Qe6 19. Qe1 f5 20. Bf1 Kh7 21. Nc4 Ba6 22.
Nbd2 f4 23. gxf4 Nxf4 24. Ne3 Rf8 25. Ndc4 Nh3+ 26. Bxh3 Qxh3 27. Qf1 Qh5 28. b3
Rf3 29. Qg2 Rdf8 30. Rd2 Bc8 31. Rc2 Bh3 32. Qh1 Qh4 33. Raa2 Qg5+ 34. Ng2 Rxf2 0-1

[Event "Moscow Open A 2015"]
[Site "Moscow RUS"]
[Date "2015.02.04"]
[Round "5.106"]
[White "Tarasov, Oleg"]
[Black "Romanov, Stanislav"]
[Result "1/2-1/2"]
[WhiteElo "2247"]
[BlackElo "2107"]
[WhiteFideId "4162870"]
[BlackFideId "4116895"]
[EventDate "2015.01.31"]

1. e4 Nc6 2. Nf3 e5 3. d4 exd4 4. Nxd4 Bc5 5. Nxc6 Qf6 6. Qd2 dxc6 7. Nc3 Ne7 8.
Na4 Bd6 9. f4 O-O 10. Be2 Ng6 11. g3 Bh3 12. Bf3 Rad8 13. Qe3 Ne7 14. Qc3 Qe6
15. Be3 Bg4 16. Bg2 Bh3 17. Bxh3 Qxe4 18. O-O-O Qxa4 19. Qb3 Qxb3 20. axb3 Nd5
21. Bd4 Rfe8 22. Rhe1 Nb4 23. Bg2 h6 24. Bf2 Bf8 25. Bf3 Rxd1+ 26. Rxd1 a5 27.
Re1 Rxe1+ 28. Bxe1 Bc5 29. Kd1 Kf8 30. Bxb4 axb4 31. c3 Ke7 32. Ke2 Kd6 33. h4
b5 34. h5 Bg1 35. Be4 c5 36. Bd3 c6 37. Kf3 Kd5 38. c4+ bxc4 39. Bxc4+ Kd6 40.
Bxf7 Bd4 41. Ke4 Ke7 1/2-1/2

[Event "Moscow Open A 2015"]
[Site "Moscow RUS"]
[Date "2015.02.04"]
[Round "5.107"]
[White "Dovletov, Hajugurban"]
[Black "Miroshnichenko, Pavel"]
[Result "1/2-1/2"]
[WhiteElo "2097"]
[BlackElo "2245"]
[WhiteFideId "14003600"]
[BlackFideId "4188659"]
[EventDate "2015.01.31"]

1. d4 d5 2. c4 dxc4 3. Nf3 Nf6 4. e3 Bg4 5. Bxc4 e6 6. h3 Bh5 7. Be2 a6 8. Nc3
c5 9. O-O Nc6 10. Qb3 cxd4 11. exd4 Bd6 12. Rd1 O-O 13. Bg5 Bg6 14. d5 Na5 15.
Qa4 b5 16. Qd4 b4 17. Nb1 e5 18. Qh4 h6 19. Bxf6 Qxf6 20. Qxf6 gxf6 21. Nbd2
Rfc8 22. Rac1 Bc2 23. Rf1 Rc5 24. b3 Bf8 25. Nc4 Be4 26. Ne3 Nb7 27. Nd2 Bg6 28.
Bf3 Rac8 29. Ndc4 f5 30. Rcd1 e4 31. Be2 f4 32. Ng4 Rd8 33. Nce5 Rd6 34. Nc4 Rd8
35. Nce5 Rc2 36. Bxa6 Nc5 37. Bc4 Rxa2 38. Nc6 Rd6 39. Nxb4 Rb2 40. Rb1 Rxb1 41.
Rxb1 e3 42. Re1 h5 43. Ne5 Ne4 44. fxe3 fxe3 45. Nc2 Nd2 46. Nxg6 Rxg6 47. Kh1
Bc5 48. Nxe3 Kf8 49. Nf1 Nxf1 50. Rxf1 h4 51. Rf4 Rh6 52. Rg4 Bf2 53. Rf4 Bg3
54. Rf5 Ke7 55. Kg1 Rf6 56. Rxf6 Kxf6 57. Kf1 Ke5 58. Ke2 Kd4 59. Kf3 f5 60. Ke2
Be5 61. Kd2 Bf4+ 62. Kc2 Bd6 63. Kb2 Bb4 64. Kc2 Bd6 65. Bd3 Kxd5 66. Bxf5 Bg3
67. Kc3 Be1+ 68. Kd3 Kc5 69. Ke2 Bg3 70. Kf3 Kb4 1/2-1/2

[Event "Moscow Open A 2015"]
[Site "Moscow RUS"]
[Date "2015.02.04"]
[Round "5.108"]
[White "Tleptsok, Ruslan"]
[Black "Derakhshani, Borna"]
[Result "1-0"]
[BlackTitle "CM"]
[WhiteElo "2226"]
[BlackElo "2081"]
[WhiteFideId "24104485"]
[BlackFideId "12518450"]
[EventDate "2015.01.31"]

1. e4 e5 2. Nf3 Nc6 3. d4 exd4 4. Bc4 Bc5 5. c3 Nf6 6. e5 d5 7. Bb5 Ne4 8. cxd4
Bb6 9. Nc3 O-O 10. Qa4 Bg4 11. Be2 Re8 12. Be3 Qd7 13. Qb3 Rad8 14. Rd1 h6 15.
h3 Bf5 16. Nh4 Bh7 17. Bg4 Qe7 18. Nf5 Bxf5 19. Bxf5 Nxc3 20. bxc3 Nxe5 21. O-O
Nc4 22. Bc1 c6 23. Bb1 Nd6 24. f3 Bc7 25. Qc2 f5 26. Bf4 g6 27. Rfe1 Qh4 28. Qc1
Bb8 29. Be5 Nf7 30. f4 Nd6 31. Kh2 Ne4 32. Qe3 Re6 33. c4 Bxe5 34. dxe5 d4 35.
g3 dxe3 36. gxh4 Rxd1 37. Rxd1 e2 38. Re1 Nc3 39. Bd3 g5 40. hxg5 hxg5 41. Kg3
gxf4+ 42. Kxf4 Rh6 43. Bxf5 Kf7 44. Bg4 Ke7 45. Ke3 b5 46. Kd2 b4 47. a3 a5 48.
axb4 axb4 49. Ra1 c5 50. Ra7+ Ke8 51. e6 Kd8 52. Rd7+ Ke8 53. Ra7 Kd8 54. Rb7
Ke8 55. Rg7 Kf8 56. Rf7+ Ke8 57. Rb7 Kd8 58. Rg7 Ke8 59. Bf5 Ne4+ 60. Bxe4 Rxe6
61. Rg4 b3 62. Kxe2 b2 63. Kd2 Rf6 64. Rg1 Rf2+ 65. Kc3 Rh2 66. Rb1 Rxh3+ 67.
Kxb2 Kd8 68. Rd1+ Kc7 69. Rd3 Rh4 70. Bd5 1-0